000 02453nam a2200397 a 4500
999 _c1816
_d1816
003 AR-BaISA
005 20250521165927.0
007 ta
008 250521s2002 ag ||||f |||| 000 0 spa d
020 _a9879165314
040 _bspa
_cAR-BaISA
082 0 4 _222
_a615.851 5 M318
245 0 0 _aEficacia clínica del acompañamiento terapéutico /
_cFederico Manson, Gustavo Rossi, Gabriel Pulice, María Laura Frank, Silvia Alderete, Pablo Daragotto, Luis Leblebdijian (compiladores)
260 _aBuenos Aires:
_bPolemos,
_c2002
300 _a174 p.
505 _rKarina Chayan /
_tY el verbo se hizo carne --
505 _rGustavo Rivarola /
_tAcompañamiento terapéutico y función secretario --
505 _rAriel Rondinone, Gerardo Pérez y Gustavo Racca /
_t35000 horas de acompañamiento terapéutico consecutivas, ¿deben plantear un dilema ético? --
505 _rViviana Fantinato, Paola Méndez y Alejandra Saranitte /
_tEl ojo avizor --
505 _rMarisa Pugés /
_tUn cambio de posición: desde el otro lado del espejo --
505 _rRosa Graciela D´alessio /
_tDe encierros y fugas, un recorrido --
505 _rPatricia Anido y Sandra Sarbia /
_tUna lectura posible de una temporada con Ana --
505 _rFranco Ingrassia /
_tIntervenir en situación: el acompañamiento terapéutico como práctica de discurso --
505 _rRuth Akselrad y Claudia Levit /
_tAcompañamiento terapéutico y autismo --
505 _rGraciela Bustos /
_tDiferentes modalidades de acompañamiento terapéutico en un hospital transformado --
505 _tAbstracts de artículos --
_tMESAS REDONDAS:
_tLa formación académica del acompañante psicoterapéutico --
_tEl rol del acompañamiento en los tratamientos y la educación de las personas con capacidades diferentes --
_tMarco legal para la práctica del acompañamiento terapéutico: derechos y responsabilidades --
_tEl acompañamiento terapéutico en las políticas de salud mental --
_tAnexo: Segundo Congreso Nacional de Acompañamiento Terapéutico
650 1 4 _93295
_aProcedimientos terapéuticos
700 _93730
_aFederico Manson
_ecomp.
700 _93555
_aRossi, Gustavo Pablo
_ecomp.
700 _93731
_aPulice, Gabriel
_ecomp.
700 _93732
_aFrank, María Laura
_ecomp.
700 _93733
_aAlderete, Silvia
_ecomp.
700 _93734
_aDragoto, Federico
_ecomp.
700 _93735
_aLeblebdijian, Luis
_ecomp.
942 _2ddc
_cLI
_e22